[Event "Finland Team Cup 2011"]
[Site "Helsinki FIN"]
[Date "2011.03.26"]
[Round "2"]
[White "Vuorinen, Reijo"]
[Black "Varjokallio, Matti"]
[Result "0-1"]
[Board "6"]
[WhiteTeam "Espoon Shakkikerho 2"]
[BlackTeam "Lauttasaaren Shakkikerho"]
[WhiteElo "1677"]
[BlackElo "1633"]

1.e4 Nf6 2.d3 e5 3.Be2 d5 4.exd5 Nxd5 5.Nf3 Nc6 6.Bd2 Bc5 7.a3 a5
8.Nc3 O-O 9.Ne4 Be7 10.c4 Nf6 11.Nxf6+ Bxf6 12.Bc3 e4 13.dxe4 Bxc3+
14.bxc3 Qe7 15.Qc2 Re8 16.Bd3 f5 17.O-O fxe4 18.Rfe1 Bf5 19.Bf1 Qf6
20.Nd4 Nxd4 21.cxd4 Qxd4 22.Rad1 Qf6 23.Re3 Rad8 24.Rde1 Qc6 25.Kh1
Bg6 26.Qc3 Qc5 27.Qb3 b6 28.g3 Rd2 29.R3e2 Rd3 30.Qb5 Qxb5 31.cxb5
Rxa3 32.Rc1 Re7 33.f4 e3 34.Ree1 Kf8 35.Be2 Be4+ 36.Kg1 Kf7 37.Red1
Kf6 38.Rd4 Ra2 39.Kf1 Rd2 40.Rdc4 Bd3 41.Bxd3 Rxd3 42.Rxc7 e2+ 43.Ke1
Rd1+ 0-1

[Event "Finland Team Cup 2011"]
[Site "Espoo FIN"]
[Date "2011.05.14"]
[Round "3"]
[White "Kauppala, Pekka"]
[Black "Agopov, Mikael"]
[Result "0-1"]
[Board "1"]
[WhiteTeam "Lauttasaaren Shakkikerho"]
[BlackTeam "Matinkylän Shakkikerho"]
[WhiteElo "2148"]
[BlackElo "2425"]
[BlackTitle "IM"]

1.e4 e5 2.Bc4 Nf6 3.d4 exd4 4.Nf3 Nc6 5.e5 d5 6.Bb5 Ne4 7.Nxd4 Bd7
8.Bxc6 bxc6 9.O-O Be7 10.f3 Nc5 11.f4 Ne4 12.f5 O-O 13.f6 gxf6 14.Bh6
fxe5 15.Nc3 Bc5 16.Nxe4 dxe4 17.Qe1 Kh8 18.Rd1 Bg4 19.Kh1 Bxd4 20.c3
Bxd1 21.cxd4 Bh5 22.Qg3 Bg6 23.dxe5 Re8 24.h4 Re6 25.Rxf7 Qd1+ 26.Kh2
Rg8 27.Rxc7 Qd8 28.Rxa7 Bf7 29.Qf4 Reg6 30.Bg5 Rxg5 31.hxg5 Bd5 32.Qf5
Rg7 33.Rxg7 Kxg7 34.Kg3 e3 35.Qf4 Kg6 36.Kh4 e2 37.Qe3 e1=Q+ 38.Qxe1
Qxg5+ 0-1

[Event "Finland Team Cup 2011"]
[Site "Espoo FIN"]
[Date "2011.05.14"]
[Round "3"]
[White "Hentunen, Asko"]
[Black "Heikkinen, Jyrki"]
[Result "1-0"]
[Board "2"]
[WhiteTeam "Matinkylän Shakkikerho"]
[BlackTeam "Lauttasaaren Shakkikerho"]
[WhiteElo "2312"]
[BlackElo "2063"]
[WhiteTitle "FM"]

1.c4 Nf6 2.g3 e5 3.Bg2 Nc6 4.Nc3 Bc5 5.Nf3 e4 6.Nh4 g5 7.Nf5 d5 8.cxd5
Bxf5 9.dxc6 b6 10.Qa4 Qe7 11.O-O Rg8 12.Nb5 a6 13.b4 Bd6 14.Nxd6+ Qxd6
15.b5 a5 16.f3 Qc5+ 17.Kh1 exf3 18.Rxf3 O-O-O 19.Ba3 Qd5 20.d3 Ng4
21.Raf1 Be6 22.h3 Nh6? (22...Qxa2 23.hxg4 Bb3 {=/+}) 23.Rf6 Qe5?
(23...Qxa2 24.Rxh6 Kb8 25.Rxe6) 24.Rxh6 Qxg3 25.Be7 Rde8 26.Bf6 g4
27.h4 Qe3 (27...Bd5!? 28.e4 (28.Bxd5?? Rxe2 {-+})) 28.Rh5 Qxe2 29.Qd4
Kb8 30.Be5 g3 31.Qxb6+ Kc8 32.Qxc7# 1-0

[Event "Finland Team Cup 2011"]
[Site "Espoo FIN"]
[Date "2011.05.14"]
[Round "3"]
[White "Piippo, Mikko"]
[Black "Kekki, Petri"]
[Result "1/2-1/2"]
[Board "3"]
[WhiteElo "1812"]
[BlackElo "2327"]
[BlackTitle "IM"]

1.Nf3 d5 2.d4 Nf6 3.Bf4 g6 4.e3 Bg7 5.Nc3 O-O 6.Be2 b6 7.Ne5 Bb7 8.h4
Nbd7 9.h5 Ne4 10.hxg6 hxg6 11.Nxe4 dxe4 12.Ng4 Re8 13.Nh6+ Kf8 14.Ng4
e6 15.Qd2 f5 16.Nh6 Nf6 17.c4 Ng8 18.Nxg8 Kxg8 19.O-O-O Kf7 20.g4 Qe7
21.gxf5 exf5 22.Rdg1 Rh8 23.Rxh8 Rxh8 24.Bd1 Bf6 25.Bb3 g5 26.Bg3 Kg6
27.Bf4 Rh3 28.Bd1 a5 29.Qe1 Kf7 30.Qf1 Rh7 31.Qg2 Ke8 32.Bg3 Qb4
33.Qf1 Ba6 34.b3 Qc3+ 35.Kb1 f4 36.Bxf4 gxf4 37.Rg8+ Ke7 38.Qg2 f3
39.Qg3 Qd3+ 40.Bc2 Rh1+ 41.Kb2 Bxd4+ 42.exd4 Qxd4+ 43.Ka3 Qc5+ 44.Kb2
Qd4+ 45.Ka3 Qc5+ 46.Kb2 1/2-1/2

[Event "Finland Team Cup 2011"]
[Site "Espoo FIN"]
[Date "2011.05.14"]
[Round "3"]
[White "Ebeling, Daniel"]
[Black "Järvinen, Seppo"]
[Result "1-0"]
[Board "4"]
[WhiteTeam "Matinkylän Shakkikerho"]
[BlackTeam "Lauttasaaren Shakkikerho"]
[WhiteElo "2276"]
[BlackElo "1845"]

1.e4 e5 2.f4 d5 3.exd5 e4 4.d3 exd3 5.Bxd3 Bc5 6.Nf3 Ne7 7.Nc3 Nd7
8.Ne4 f5 9.Nxc5 Nxc5 10.Bc4 Qd6 11.Be3 Ne4 12.O-O Bd7 13.Qd4 O-O
14.Ne5 Kh8 15.Bb3 b6 16.a3 Rad8 17.Rad1 Rf6 18.Nc4 Qc5 19.Qe5 Ng6
20.Bxc5 Nxe5 21.fxe5 1-0

[Event "Finland Team Cup 2011"]
[Site "Espoo FIN"]
[Date "2011.05.14"]
[Round "3"]
[White "Turtiainen, Kimmo"]
[Black "Salimäki, Janne"]
[Result "0-1"]
[Board "5"]
[WhiteTeam "Lauttasaaren Shakkikerho"]
[BlackTeam "Matinkylän Shakkikerho"]
[WhiteElo "1799"]
[BlackElo "2205"]
[BlackTitle "FM"]

1.d4 Nf6 2.c4 e6 3.Nc3 c5 4.e3 a6 5.Bd3 d5 6.Nge2 dxc4 7.Bxc4 b5 8.Bd3
Bb7 9.f3 Nc6 10.Bc2 Qc7 11.a4 b4 12.Ne4 Nxe4 13.fxe4 Rd8 14.b3?
(14.a5) cxd4 15.exd4 Bc5 (15...Nxd4! 16.Nxd4 Qc3+) 16.Bb2 O-O 17.O-O
e5 18.Kh1 Nxd4 19.Nxd4 Bxd4 20.Bxd4 Rxd4 21.Qe2 a5 22.Rae1 Qd6 23.Rf2
Ba6 24.Qf3 f6 25.h3 Rd8 26.Qg4 Bc8 27.Qg3 Rd2?? 28.Ref1 (28.Rxd2 {=})
Kh8 29.Kh2 Be6 30.Rxd2 Qxd2 31.Rd1 Qxd1 32.Bxd1 Rxd1 33.Qe3 Rb1 34.Qc5
Bxb3 35.Qxa5 Bg8 36.Qb6 b3 37.a5 Ra1 38.a6 b2 39.Qxb2 Rxa6 40.Kg3 Rd6
41.Qc3 Rd4 42.Qc6 h6 43.Qa8 Kh7 44.Qc8 Bf7 45.Kf3 Bg6 46.g3 Bxe4+
47.Ke3 Bg6 48.Qc1 Rd3+ 49.Kf2 Be4 50.Qe1 Rf3 51.Kg1 Bd3 52.Kg2 e4
53.Qd2 Bf1+ 54.Kh2 e3 55.Qc2+ f5 56.Qc6 Rf2+ 57.Kg1 Bxh3 58.g4 Rf1+
59.Kh2 Bxg4 60.Qd5 0-1

[Event "Finland Team Cup 2011"]
[Site "Espoo FIN"]
[Date "2011.05.14"]
[Round "3"]
[White "Nieminen, Kari"]
[Black "Siikonen, Timo"]
[Result "1-0"]
[Board "6"]
[WhiteTeam "Matinkylän Shakkikerho"]
[BlackTeam "Lauttasaaren Shakkikerho"]
[WhiteElo "2169"]
[BlackElo "1779"]

1.e4 e6 2.d4 d5 3.Nc3 Bb4 4.e5 c5 5.a3 Ba5 6.Bd2 cxd4 7.Nb5 Bc7 8.f4
Nc6 9.Nf3 f6 10.Bd3 a6 11.Nxc7+ Qxc7 12.O-O Bd7 13.Qe2 O-O-O 14.b4 g5
15.Rfe1 g4 16.Nh4 f5 17.a4 Na7 18.Qf2 Ne7 19.Qxd4 b5 20.Be3 Kb8 21.Qb2
Nec6 22.Bc5 Kb7 23.Ra3 Ra8 24.Rea1 bxa4 25.Bxa6+ Kxa6 26.b5+ Nxb5
27.Rxa4+ Na5 28.Rxa5+ Qxa5 29.Rxa5+ Kxa5 30.Qa2+ Na3 31.Qxa3+ Ba4
32.Qb4+ 1-0

[Event "Finland Team Cup 2011"]
[Site "Espoo FIN"]
[Date "2011.05.14"]
[Round "3"]
[White "Varjokallio, Matti"]
[Black "Fraser, Scott"]
[Result "0-1"]
[Board "7"]
[WhiteTeam "Lauttasaaren Shakkikerho"]
[BlackTeam "Matinkylän Shakkikerho"]
[WhiteElo "1676"]
[BlackElo "2138"]

1.e4 c5 2.Nf3 e6 3.d4 cxd4 4.Nxd4 Nc6 5.Be3 Nf6 6.f3 Qb6 7.Nc3 Bc5
8.Na4 Qa5+ 9.Nc3 Bb4 10.Ndb5 d5 11.e5 Nxe5 12.Bf4 Ng6 13.Bc7 Bxc3+
14.bxc3 Qa4 15.Nd6+ Ke7 16.Bb5 Qh4+ 17.g3 Qh5 18.Qd4 Bd7 19.O-O
(19.Qb4 {+/-}) Bxb5 20.Nxb5 Ne8 21.Rab1 b6 22.Qa4 Nxc7 23.Nxc7 Qe5
24.Nxa8 Rxa8 25.Qc6 Rd8 26.Rfe1 Qf5 27.Re2 Ne5 28.Qc7+ Nd7 29.Kg2 Ke8
30.Qxa7 Rc8 31.Rb3 Ne5 32.f4 Nc4 33.Qb7 Rd8 34.Qc6+ Ke7 35.Rb4 g5
36.Ra4 Rd7 37.Ra8 gxf4 38.Rf2 Ne3+ 39.Kg1 Qg4 40.Rxf4 Qd1+ 41.Kf2 Qd2+
42.Kf3 f5?? (42...Qg2+ 43.Kxe3 d4+ {-+}) 43.Rh4?? (43.Qxb6 {=}) Ng4
44.Rxh7+ Kf6 45.Rf8+ Ke5 46.Qxb6 Qd1+ 47.Kg2 Qxc2+ 48.Kf3 Qd1+
(48...Qe4#) 49.Kg2 Qd2+ 50.Kf1 Rxh7 51.Qb8+ Ke4 52.Qb4+ Kf3 53.Rxf5+
exf5 0-1

[Event "Finland Team Cup 2012"]
[Site "Helsinki FIN"]
[Date "2012.04.21"]
[Round "2"]
[White "Pudas, Teemu"]
[Black "Kauppala, Pekka"]
[Result "1-0"]
[Board "1"]
[WhiteTeam "Espoon Shakkikerho"]
[BlackTeam "Lauttasaaren Shakkikerho"]
[WhiteElo "2339"]
[BlackElo "2103"]

1.e4 e5 2.Nf3 Nc6 3.Bc4 Nf6 4.Ng5 d5 5.exd5 Nd4 6.c3 b5 7.Bf1 Nxd5
8.cxd4 Qxg5 9.Bxb5+ Kd8 10.O-O Bb7 11.Qf3 exd4 12.Re1 Bd6 13.d3 Bf4
14.Nd2 Rb8 15.h4 Qh6 (15...Qxh4 16.g3 Qh6 17.Re4) 16.g3 Ne3 17.Ne4
Bxe4 18.dxe4 (18.Qxe4! Rxb5 19.Qxd4+) Rxb5 19.fxe3 Bxe3+ 20.Bxe3 dxe3
21.Rxe3 Rxb2 22.e5 Qb6 23.Rd1+ Ke7 24.Qf4 h6 25.e6 fxe6 26.Qe5 Rg8
27.Rd4 Rb5 28.Qe4 Rd8 29.Rc4 Rd1+ (29...Rd2! 30.Rxc7+ Kd8 31.Rf7 Rb1+
32.Rf1 Rxf1+ 33.Kxf1 Rxa2 {-/+}) 30.Kh2 Rb2+ (30...Kd7!) 31.Kh3 Rdd2
32.Rxc7+ Kf8?? (32...Kd8 33.Rec3 Rh2+ 34.Kg4 Rb4 35.Rc8+ Ke7 36.R3c7+
Kd6 37.Rc6+ Ke7 38.R6c7+ {=}) 33.Qf3+ 1-0

[Event "Finland Team Cup 2012"]
[Site "Helsinki FIN"]
[Date "2012.04.21"]
[Round "2"]
[White "Ertbjerg, Per"]
[Black "Korhonen, Aki"]
[Result "1-0"]
[Board "2"]
[WhiteTeam "Lauttasaaren Shakkikerho"]
[BlackTeam "Espoon Shakkikerho"]
[WhiteElo "2103"]
[BlackElo "2041"]

1.d4 Nf6 2.c4 g6 3.Nc3 Bg7 4.e4 O-O 5.Bg5 d6 6.f4 c5 7.d5 b5 8.cxb5 a6
9.Qd2 axb5 10.Bxb5 Qa5 11.Be2 Ba6 12.e5 Bxe2 13.Ngxe2 dxe5 14.fxe5
Nfd7 15.Bxe7 Re8 16.d6 Nxe5 17.O-O Nbc6 18.Bf6 Bf8 19.Rad1 Re6 20.Qf4
Qb4 21.Ne4 Rxa2 (21...Nd3 22.Rxd3 Qxe4) 22.d7 Qxb2 23.Rd2 (23.Bxe5)
Qb3 (23...Qxd2!! 24.Nxd2 Rxf6 25.Qxf6 Rxd2 {+/=}) 24.Bxe5 (24.Nc1) Rxe5
25.d8=Q (25.Rd5 Rf5 26.Rxf5) Nxd8 26.Qxe5 Qe3+ 27.Kh1 Rxd2 28.Nf6+ 1-0

[Event "Finland Team Cup 2012"]
[Site "Helsinki FIN"]
[Date "2012.04.21"]
[Round "2"]
[White "Korhonen, Pasi"]
[Black "Heikkinen, Jyrki"]
[Result "1/2-1/2"]
[Board "3"]
[WhiteTeam "Espoon Shakkikerho"]
[BlackTeam "Lauttasaaren Shakkikerho"]
[WhiteElo "2095"]
[BlackElo "2049"]

1.e4 d5 2.exd5 Nf6 3.d4 Bg4 4.f3 Bf5 5.c4 e6 6.dxe6 Bb4+ (6...Nc6)
7.Nc3 O-O 8.a3 Bxc3 9.bxc3 Re8 10.Bd3 Rxe6+ 11.Ne2 Bxd3 12.Qxd3 Nbd7
13.Bf4 Nh5 14.Bg3 Qe7 15.Kf2 Re8 16.Ra2 Re3 17.Qd1 Nb6 18.c5 Qe6
19.Qc2 Qc4?? (19...Nc4 20.Re1 b6 {=/+}) 20.cxb6 Rxe2+ 21.Qxe2 Rxe2+
22.Rxe2 Nf6 23.Rhe1 h6 24.bxa7? (24.Re8+ {+-}) Qa4 25.Bxc7 Qxa7 26.Bd6
Nd5 27.Bb4 Qa6 28.g3 Qd3 29.Rc1 1/2-1/2

[Event "Finland Team Cup 2012"]
[Site "Helsinki FIN"]
[Date "2012.04.21"]
[Round "2"]
[White "Piippo, Mikko"]
[Black "Munukka, Timo"]
[Result "1/2-1/2"]
[Board "4"]
[WhiteTeam "Lauttasaaren Shakkikerho"]
[BlackTeam "Espoon Shakkikerho"]
[WhiteElo "1790"]
[BlackElo "1976"]

1.d4 Nf6 2.Nf3 g6 3.Nc3 d5 4.Bf4 c6 5.e3 Bg7 6.Be2 Nbd7 7.Ne5 Qb6
8.Qc1 O-O 9.O-O a6 10.Rb1 Qa7 11.Rd1 e6 12.b4 Nxe5 13.Bxe5 b6 14.Rb3
Bd7 15.Ra3 Qb7 16.Na4 Rfc8 17.c4 a5 18.bxa5 Rxa5 19.Nc3 Rxa3 20.Qxa3
dxc4 21.Qb2? (21.Bxc4) Qa6 22.e4 b5 23.d5 (23.a4) Ne8? (23...cxd5
24.exd5 exd5 25.Nxd5? Nxd5 26.Bxg7 c3 27.Qa1 Kxg7 28.Rxd5 Qe6 {-+})
24.Bxg7 Nxg7 25.dxc6 Bxc6 26.Qb4 Ne8 27.e5 Qb7 28.Bf1 Qb8 29.Re1 Rd8
30.Qc5 Qb7 31.Rb1 Rd5? (31...Rc8 32.a4 Qa8 33.axb5 Be4 34.Qxc8 Qxc8
35.Nxe4 {=/+}) 32.Nxd5 exd5 33.a4 Qd7 34.axb5 Bb7 35.b6 Qe6 36.Qd4 Qc6
37.g3 Ng7 38.Bg2 Ne6 39.Qxd5 Qxd5 40.Bxd5 Bxd5 41.b7 Bxb7 42.Rxb7 c3
43.Rb8+ Kg7 44.Rc8 Nd4 45.Kf1 Nf3 46.Rxc3 Nxe5 47.Kg2 h5 48.f4 Ng4
1/2-1/2

[Event "Finland Team Cup 2012"]
[Site "Helsinki FIN"]
[Date "2012.04.21"]
[Round "2"]
[White "Borenius, Mika"]
[Black "Varjokallio, Matti"]
[Result "0-1"]
[Board "5"]
[WhiteTeam "Espoon Shakkikerho"]
[BlackTeam "Lauttasaaren Shakkikerho"]
[WhiteElo "1978"]
[BlackElo "1756"]

1.e4 Nf6 2.Nc3 e5 3.Bc4 Be7 4.Nf3 d6 5.d4 exd4 6.Nxd4 O-O 7.O-O Bg4
8.f3 Bc8 9.a3 Nbd7 10.Nf5 Ne5 11.Nxe7+ Qxe7 12.Be2 h6 13.Kh1 Nc6 14.b4
a6 15.Bb2 Re8 16.Bc4 Ne5 17.Bb3 Be6 18.Nd5 Nxd5 19.exd5 Bf5 20.Qd4 f6
21.Rae1 Qf7 22.Re3 b5 23.Rfe1 Kh7 24.h3 Qg6 25.R3e2 (25.f4 Nc4) Qg3
$15 (25...Bxh3 $15) (25...Nxf3 26.gxf3 Qg3 $11) 26.f4 $4 (26.Qc3) Nf3
$1 27.gxf3 Qxf3+ 28.Kg1 Rxe2 (28...Qg3+) 29.Rxe2 Qxe2 0-1

[Event "Finland Team Cup 2012"]
[Site "Helsinki FIN"]
[Date "2012.04.21"]
[Round "2"]
[White "Turtiainen, Kimmo"]
[Black "Mähönen, Timo"]
[Result "1/2-1/2"]
[Board "6"]
[WhiteTeam "Lauttasaaren Shakkikerho"]
[BlackTeam "Espoon Shakkikerho"]
[WhiteElo "1746"]
[BlackElo "2008"]

1.e4 e6 2.d4 d5 3.Nc3 Bb4 4.e5 c5 5.Nf3 Qc7 6.Be3 Ne7 7.Bd3 cxd4
8.Bxd4 Nbc6 9.Bb5 Bd7 10.O-O a6 11.Be2 Nxd4 12.Qxd4 Bxc3 13.bxc3 Rc8
14.c4 dxc4 15.Nd2 Nf5 16.Qc3 b5 17.Ne4 Bc6 18.Nd6+ Nxd6 19.exd6 Qxd6
20.Qxg7 Qf8 21.Qe5 Rg8 22.f3 Qg7 23.Qxg7 Rxg7 24.Rf2 Rd8 25.Bf1 Rg5
26.a4 Rgd5 27.axb5 Bxb5 28.c3 Rd2 29.Ra2 Rxa2 30.Rxa2 Rd1 31.Rc2 Ke7
32.Kf2 Ra1 33.Be2 Ba4 34.Rd2 Bb3 35.Rd4 Rc1 36.Bxc4 Rxc3 37.Bxa6 Rc2+
38.Kg3 Rc5 39.h4 e5 1/2-1/2

[Event "Finland Team Cup 2012"]
[Site "Helsinki FIN"]
[Date "2012.04.21"]
[Round "2"]
[White "Auvinen, Esa"]
[Black "Laaksovuori, Tommi"]
[Result "1/2-1/2"]
[Board "7"]
[WhiteTeam "Espoon Shakkikerho"]
[BlackTeam "Lauttasaaren Shakkikerho"]
[WhiteElo "1952"]
[BlackElo "1709"]

1.e4 e5 2.Nf3 Nc6 3.Bb5 a6 4.Bxc6 dxc6 5.d4 exd4 6.Qxd4 Be6 7.Qxd8+
Rxd8 8.Nc3 Bb4 9.Bd2 Nf6 10.O-O O-O 11.e5 Bxc3 12.Bxc3 Ne4 13.Bd4 Bg4
14.Be3 Bxf3 15.gxf3 Nd2 16.Bxd2 Rxd2 17.Rac1 Rfd8 18.Rfe1 h6 19.Re4
Kf8 20.Rc4 Re2 21.Re4 Red2 22.Kf1 Ke7 23.Re2 Ke6 24.Rce1 Rxe2 25.Rxe2
Rd5 26.Re4 Rxe5 27.Ke2 f5 28.Re3 g5 29.h3 h5 30.Kd3 g4? (30...b5 {-+})
31.fxg4 fxg4 32.hxg4 hxg4 33.Rg3 Kf5 34.f3 Rd5+ 35.Ke3 Re5+ 36.Kd3
Rd5+ 37.Kc3 gxf3 38.Rxf3+ Ke6 39.Rf8 b6 40.a4 c5 41.b3 Kd6 42.Ra8 Kc6
43.a5 Kb7 44.Rh8 b5 45.Rh6 Rd6 46.Rh4 b4+ 47.Kc4 Kc6 48.c3 bxc3
49.Rh5?? (49.Kxc3 {=/+}) Rd4+?? (49...c2 {-+}) 50.Kxc3 Kb5 51.Rh7 c6
52.Rh6 Rd1 53.Kb2 Rd2+ 54.Ka3 Rc2 55.Rg6 Rc3 56.Kb2 Rd3 57.Kc2 Rd7
58.Rh6 Rc7 59.Rh5 Kb4 1/2-1/2

[Event "Finland Team Cup 2012"]
[Site "Helsinki FIN"]
[Date "2012.04.21"]
[Round "2"]
[White "Heimonen, Arto"]
[Black "Pystynen, Jarmo"]
[Result "0-1"]
[Board "8"]
[WhiteTeam "Lauttasaaren Shakkikerho"]
[BlackTeam "Espoon Shakkikerho"]
[WhiteElo "1631"]
[BlackElo "1977"]

1.e4 Nc6 2.Nf3 f5 3.e5 e6 4.d4 d6 5.Bb5 Bd7 6.O-O Nge7 7.Re1 (7.exd6
cxd6 8.Re1 {+/-}) dxe5 8.Nxe5 (8.Bxc6 {+/=}) Nxe5 9.Bxd7+?? (9.Rxe5) Nxd7
10.Rxe6 Kf7 11.Qe2 Nf6 12.Nc3 Qd7 13.Re3 Ned5 14.Qc4 c6 15.Bd2 b5
16.Qb3 a5 17.a3 a4 18.Qa2 Bd6 19.Rae1 Rhe8 20.Nxd5 Nxd5 21.Re5 Bxe5
22.dxe5 Qe6 0-1

[Event "Finland Team Cup 2012"]
[Site "Helsinki FIN"]
[Date "2012.05.12"]
[Round "3"]
[White "Kauppala, Pekka"]
[Black "Nouro, Mikael"]
[Result "1/2-1/2"]
[Board "1"]
[WhiteTeam "Lauttasaaren Shakkikerho"]
[BlackTeam "Shakkikerho Garde"]
[WhiteElo "2099"]
[BlackElo "2331"]
[BlackTitle "IM"]

1.c4 e5 2.Nf3 e4 3.Nd4 Nc6 4.Nxc6 dxc6 5.Nc3 Nf6 6.d4 exd3 7.Qxd3 Qxd3
8.exd3 Bf5 9.Bg5 O-O-O 10.O-O-O Bc5 11.Be2 Rhe8 12.f3 h6 13.Bxf6 gxf6
14.Ne4 Bd4 15.Rhe1 Bg6 16.Bf1 b5 17.Kc2 Kb7 18.Kb3 Kb6 19.a4 a6 20.Nc3
Rxe1 21.Rxe1 Be5 22.axb5 axb5 23.cxb5 cxb5 24.g3 c5 25.Ne4 Rd4 26.Kc2
Ra4 27.f4 Bd4 28.Nc3 Ra7 29.Nd5+ Kc6 30.Bg2 Kd6 31.Be4 Bxe4 32.dxe4 f5
33.Nc3 Bxc3 34.Kxc3 fxe4 35.Rxe4 Re7 36.Rxe7 Kxe7 37.g4 Ke6 38.Kd3 Kd5
39.h4 c4+ 40.Kc3 Ke4 41.g5 h5 42.Kb4 Kxf4 43.Kxb5 Kg4 44.Kxc4 Kxh4
45.b4 Kxg5 46.b5 h4 47.b6 h3 48.b7 h2 49.b8=Q h1=Q 50.Qg8+ Kf6 51.Qd8+
Kg7 52.Qg5+ Kh7 53.Qf5+ Kg8 54.Qg5+ Kh8 55.Qf6+ Kg8 56.Qg5+ Kh7
1/2-1/2

[Event "Finland Team Cup 2012"]
[Site "Helsinki FIN"]
[Date "2012.05.12"]
[Round "3"]
[White "Ristoja, Jan"]
[Black "Ertbjerg, Per"]
[Result "1/2-1/2"]
[Board "2"]
[WhiteTeam "Shakkikerho Garde"]
[BlackTeam "Lauttasaaren Shakkikerho"]
[WhiteElo "2278"]
[BlackElo "2111"]
[WhiteTitle "FM"]

1.c4 Nf6 2.g3 c6 3.Bg2 d5 4.Nf3 Bf5 5.b3 Nbd7 6.Bb2 dxc4 7.bxc4 Qb6
8.Qc1 e6 9.O-O Be7 10.d3 O-O 11.Nc3 Rfd8 12.Rb1 Qc7 13.Ba3 Bxa3
14.Qxa3 h6 15.Rb2 e5 16.Rfb1 b6 17.Nd2 Nc5 18.Nb3 Ne6 19.Nd2 Nc5
20.Nb3 Ne6 21.Nd2 1/2-1/2

[Event "Finland Team Cup 2012"]
[Site "Helsinki FIN"]
[Date "2012.05.12"]
[Round "3"]
[White "Heikkinen, Jyrki"]
[Black "Ilmoni, Tommy"]
[Result "1-0"]
[Board "3"]
[WhiteTeam "Lauttasaaren Shakkikerho"]
[BlackTeam "Shakkikerho Garde"]
[WhiteElo "2051"]
[BlackElo "2108"]

1.d4 Nf6 2.Nc3 c5 3.d5 g6 4.e4 d6 5.f4 Bg7 6.e5 dxe5 7.fxe5 Ng4?
(7...Nfd7 8.e6 fxe6 9.dxe6 Ne5) 8.e6 f5 9.Bb5+ Kf8 10.Be2 Ne5 11.Nh3
h6 12.O-O Bf6 13.g4 fxg4 14.Bxg4 (14.Bf4) Kg7 15.Bf4 Nxg4 16.Qxg4 Bd4+
17.Kh1 Rf8? 18.Qh4 (18.Bxh6+! Kxh6 19.Qh4+ Kg7 20.Ng5 Rxf1+ 21.Rxf1
Qh8 22.Rf7+ Kg8 23.Nh7 {+-}) Rxf4 19.Rxf4 Bf6 20.Qg3 (20.Rxf6! exf6
21.Nf4 {+-}) b5 21.Rg1 g5 22.Rf5 Kh7 23.Nxg5+ hxg5 24.Rxg5 (24.Qh4+!)
Bxg5 25.Qxg5 Qf8 1-0

[Event "Finland Team Cup 2012"]
[Site "Helsinki FIN"]
[Date "2012.05.12"]
[Round "3"]
[White "Sandvik, Thomas"]
[Black "Piippo, Mikko"]
[Result "1-0"]
[Board "4"]
[WhiteTeam "Shakkikerho Garde"]
[BlackTeam "Lauttasaaren Shakkikerho"]
[WhiteElo "2046"]
[BlackElo "1799"]

1.e4 d5 2.exd5 Qxd5 3.Nc3 Qd6 4.d4 Nf6 5.Nf3 c6 6.h3 Bf5 7.Be3 Nbd7
8.Nh4 Bg6 9.Nxg6 hxg6 10.Bc4 Nb6 11.Bb3 Nbd5 12.Nxd5 Nxd5 13.Qf3 e6
14.Bd2 Be7 15.O-O-O b5 16.Kb1 a5 17.Bxd5 cxd5 18.h4 Qc6 19.h5 g5
20.Qg3 Rc8 21.Rc1 Qc4 22.c3 a4 23.Bxg5 Bxg5 24.Qxg5 Qd3+ 25.Ka1 a3
26.Qxg7 axb2+ 27.Kxb2 Rh7 28.Qg3 Qc4?? 29.Qg8+ 1-0

[Event "Finland Team Cup 2012"]
[Site "Helsinki FIN"]
[Date "2012.05.12"]
[Round "3"]
[White "Varjokallio, Matti"]
[Black "Tingander, Ari-Pekka"]
[Result "0-1"]
[Board "5"]
[WhiteTeam "Lauttasaaren Shakkikerho"]
[BlackTeam "Shakkikerho Garde"]
[WhiteElo "1778"]
[BlackElo "2044"]

1.e4 c5 2.Nf3 d6 3.d4 cxd4 4.Nxd4 Nf6 5.Nc3 Nc6 6.Be2 g6 7.O-O Bg7
8.Nxc6 bxc6 9.Be3 O-O 10.h3 Qa5 11.Qd2 Rd8 12.Rfd1 Be6 13.f4 $6 Rab8
14.b3 Ng4 (14...Nh5 15.Bd4 Bxd4+ 16.Qxd4 Nxf4) 15.Bd4 Bxd4+ 16.Qxd4
Rb4 17.Bc4 Bxc4 18.a3 Rbb8 19.hxg4 Ba6 20.Kf2 e5 21.Qd2 $2 (21.fxe5
dxe5 22.Qe3) exf4 22.b4 Qg5 23.Kf3 f5 (23...Qf6) 24.exf5 gxf5 25.Qxf4
fxg4+ 26.Kg3 Qxf4+ 27.Kxf4 Rf8+ 28.Kg3 Rbe8 29.Rxd6 $2 (29.Re1 {=}) Re3+
30.Kxg4 Rxc3 31.a4 Rxc2 32.g3 (32.b5) Be2+ 33.Kg5 Rc4 34.Re1 Rg4+
35.Kh6 Re8 36.Rxc6 Rxg3 37.b5 Rge3 38.Rg1+ Kh8 39.Rgc1 R3e5 40.R1c5
Re4 41.Rc7 R8e6+ 42.Kg5 h6+ 43.Kf5 Bg4# 0-1

[Event "Finland Team Cup 2012"]
[Site "Helsinki FIN"]
[Date "2012.05.12"]
[Round "3"]
[White "Länsimäki, Ville"]
[Black "Paukku, Jukka"]
[Result "1/2-1/2"]
[Board "6"]
[WhiteTeam "Shakkikerho Garde"]
[BlackTeam "Lauttasaaren Shakkikerho"]
[WhiteElo "2021"]
[BlackElo "1772"]

1.d4 d5 2.Nf3 Nf6 3.g3 Bg4 4.Bg2 e6 5.O-O Be7 6.b3 O-O 7.Bb2 Nbd7
8.Nbd2 c5 9.c4 Rc8 10.Ne5 Bf5 11.cxd5 exd5 12.Rc1 cxd4 13.Rxc8 Qxc8
14.Bxd4 Nxe5 15.Bxe5 Be6 16.Nf3 Qc5 17.Qd4 Qxd4 18.Nxd4 Ng4 19.Bf4 Bc5
20.e3 a6 21.Nxe6 fxe6 22.Bh3 h5 23.Rc1 b6 24.Bxg4 hxg4 25.b4 Bxb4
26.Rc6 Re8 27.Rxb6 a5 28.Bd6 Bc3 29.Rc6 d4 30.Be5 Rd8 31.exd4 Bxd4
32.Bf4 (32.Rxe6 {+/=}) e5 33.Bg5 Rb8 34.Rc2 1/2-1/2

[Event "Finland Team Cup 2012"]
[Site "Helsinki FIN"]
[Date "2012.05.12"]
[Round "3"]
[White "Turtiainen, Kimmo"]
[Black "Miettinen, Teemu"]
[Result "1/2-1/2"]
[Board "7"]
[WhiteTeam "Lauttasaaren Shakkikerho"]
[BlackTeam "Shakkikerho Garde"]
[WhiteElo "1771"]
[BlackElo "1965"]

1.e4 e5 2.Nf3 Nc6 3.Bc4 Nf6 4.d3 Be7 5.c3 O-O 6.b4 d6 7.h3 Be6 8.Bb3
a6 9.Be3 d5 10.Ng5 Bc8 11.exd5 Nxd5 12.Ne4 Nxe3 13.fxe3 Kh8 14.O-O f5
15.Nf2 Qe8 16.a4 Bg5 17.Qe2 Be6 18.Bc2 Qg6 19.Nd2 Qh6 20.Rae1 Ne7
21.c4 Nc6 22.Nf3 Bf6 23.b5 axb5 24.axb5 Nb4 25.Bb1 c5 26.bxc6 Nxc6
27.e4 f4 28.Qb2 Rab8 29.Ba2 Qh5 30.c5 Qf7 31.Bxe6 Qxe6 32.Ng4 Rfd8
33.Qc3 Rd7 34.Rb1 Rbd8 35.Rfd1 h5 36.Nxf6 Qxf6 37.Rb6 Qe7 38.Rd2 g5
39.h4 gxh4 40.Qb2 Qxc5+ 41.Kh2 Qe7 42.Rxc6 bxc6 43.Nxe5 Qg7 44.Nxd7
Qxb2 45.Rxb2 Rxd7 46.Rb3 Kh7 47.Rc3 Rd6 48.Kh3 Kh6 49.Kxh4 Rg6 50.d4
Rd6 51.Rc4 Kg6 52.e5 Re6 53.g4 fxg3 54.Kxg3 Kg5 55.Rc3 Rg6 56.Rc5 Kf5+
57.Kf3 Rg4 58.Rc4 c5 59.Rxc5 Rxd4 60.e6+ 1/2-1/2

[Event "Finland Team Cup 2012"]
[Site "Helsinki FIN"]
[Date "2012.05.12"]
[Round "3"]
[White "Aumuller, Ingo"]
[Black "Jalas, Aaro"]
[Result "1-0"]
[Board "8"]
[WhiteTeam "Shakkikerho Garde"]
[BlackTeam "Lauttasaaren Shakkikerho"]
[WhiteElo "1935"]
[BlackElo "1538"]

1.e4 e5 2.d4 exd4 3.Nf3 Nc6 4.Nxd4 Qh4 5.Nf3 Qxe4+ 6.Be2 Bb4+ 7.Nc3
Nge7 8.O-O Bxc3 9.bxc3 O-O 10.Ng5 Qd5 11.Bd3 h6 12.Ne4 Ne5 13.c4 Qc6
14.Bb2 Nxd3 15.cxd3 d5 16.Ng3 dxc4 17.dxc4 Be6 18.Rc1 Rad8 19.Qc2 Ng6
20.f4 f5 21.Nh5 Rf7 22.Rf3 Bc8? (22...Qc5+ {-/+}) 23.Qc3 Rdd7 24.Rg3 Kh7
25.h3 Qc5+ 26.Kh2 Qd4?? 27.Qxd4 1-0

[Event "Finland Team Cup 2013"]
[Site "Helsinki FIN"]
[Date "2013.04.27"]
[Round "2"]
[White "Kiili, Markus"]
[Black "Kauppala, Pekka"]
[Result "1/2-1/2"]
[Board "1"]
[WhiteTeam "Shakkiseura Remissi"]
[BlackTeam "Lauttasaaren Shakkikerho"]
[WhiteElo "2219"]
[BlackElo "2086"]

1.e4 d5 2.exd5 Qxd5 3.Nc3 Qa5 4.d4 Bf5 5.Nf3 Nd7 6.Bc4 e6 7.Qe2 Bb4
8.Bd2 O-O-O 9.a3 Ngf6 10.O-O Bxc3 11.Bxc3 Qa4 12.Rac1 Qc6 13.Bb5 Qd6
14.Bb4 Qf4 15.Bd2 Qe4 16.Ng5 Qxe2 17.Bxe2 Bg6 18.Rfd1 Nb6 19.Nf3 Bh5
20.Ba5 Rd5 21.Bxb6 axb6 22.h3 Rhd8 23.c3 Ne4 24.g4 Bg6 25.Ne5 R5d6
1/2-1/2

[Event "Finland Team Cup 2013"]
[Site "Helsinki FIN"]
[Date "2013.04.27"]
[Round "2"]
[White "Ertbjerg, Per"]
[Black "Rönnquist, Timo"]
[Result "1-0"]
[Board "2"]
[WhiteTeam "Lauttasaaren Shakkikerho"]
[BlackTeam "Shakkiseura Remissi"]
[WhiteElo "2035"]
[BlackElo "2108"]

1.d4 Nf6 2.c4 e6 3.Nc3 d5 4.Nf3 Nbd7 5.Bg5 c6 6.e3 Qa5 7.Nd2 Bb4 8.Qc2
O-O 9.Be2 Re8 10.O-O e5 11.dxe5 Rxe5 12.Bh4 Bxc3 13.bxc3 Ne4 14.Nxe4
dxe4 15.Rfd1 Re8 16.Rd4 Nc5 17.Rad1 Bf5 18.Qb2 Qc7 19.Qa3 Qb6 20.Bg3
Ne6 21.R4d2 Qc5 22.Qb3 Qb6 23.Qa3 Qc5 24.Qa4 Qb6 25.Bd6 h6 26.Qa3 a6
27.Rb2 Qa7 28.c5 Rad8 29.Rdb1 Rd7 30.Rb6 Nd8 31.Qa4 Qa8 32.Bxa6 Rxd6
33.cxd6 bxa6 34.Rb8 Qa7 35.Qa5 Qd7 36.c4 Bg4 37.c5 Ne6 38.h3 Bxh3
39.R1b7 Nc7 40.Rxe8+ Kh7 41.gxh3 Qxh3 42.Rxe4 1-0